| 000 | 01299nam0a22002891 4500 | ||
|---|---|---|---|
| 001 | rc\2841539 | ||
| 005 | 20250529203015.0 | ||
| 035 | _a(NLR Aleph) 006999087 | ||
| 090 |
_a5702579 _c5702579 |
||
| 100 | _a20110629d1929 |||y0rusy50 ca | ||
| 101 | 0 | _arus | |
| 102 | _aRU | ||
| 105 | _aa z ||||| | ||
| 200 | 1 |
_aХарактер изменения твердости железа при разрыве в зависимости от методов ее определения _fМихайлов, М. и Чурбанов, И. |
|
| 210 |
_aТашкент _cСредне-Азиат. гос. ун-т _d1929 |
||
| 215 |
_a5 с., [1] л. диагр. _cдиагр. _d26 см |
||
| 225 | 1 |
_aТруды Средне-Азиатского государственного университета _vВып. 1 _aСерия 11. Техника |
|
| 300 | _aОписано по 1-ой с. текста | ||
| 300 | _aРез. на нем. яз. | ||
| 700 | 1 |
_7ca _8rus _aМихайлов _bМ. М. _cспециалист в обл. металловедения _f1885-1967 _gМихаил Михайлович _9257015 _3RU\NLR\AUTH\770257071 |
|
| 701 | 1 |
_aЧурбанов _bИ. |
|
| 801 | 0 |
_aRU _bNLR _gpsbo |
|
| 801 | 1 |
_aRU _bELAR _2rusmarc |
|
| 852 |
_aNLR _j30-19/726(3) |
||
| 942 | _cBOOK | ||
| 980 | _aNB | ||